| 000 | 01005nam a22002417a 4500 | ||
|---|---|---|---|
| 005 | 20240530110905.0 | ||
| 008 | 220214s2006 ua g 000 0 ara d | ||
| 017 | _bمصر. دار الكتب | ||
| 020 | _a0943409960 | ||
| 040 |
_aEG-CaGPL _cEG-CaGPL |
||
| 082 | 0 | 4 |
_221 _a327.1\ _bف ص |
| 100 | 1 | _aفرجسون ، نيل | |
| 245 | 1 | 2 |
_aالصنم : _bصعود وسقوط الامبراطورية الامريكية / _cنيل فرجسون ؛ ترجمة معين محمد الامام |
| 250 | _aط. 1 | ||
| 260 |
_aالرياض : _bمكتبة العبيكان _c2006 |
||
| 300 |
_a558 ص. ؛ _c24 سم |
||
| 650 | 0 | 7 | _aالمجتمع الامريكى |
| 651 | 0 | 7 |
_2qrmak _aالولايات المتحدة الامريكية _xالاحوال السياسية |
| 651 | 0 | 7 |
_aالولايات المتحدة الامريكية _xالاحوال الاجتماعية |
| 700 | 0 |
_aمعين محمد الامام _eمترجم |
|
| 942 |
_2ddc _cBK |
||
| 999 |
_c66206 _d66206 |
||